Sports Quiz

Random Sports or NHL Quiz

NHL Multiple MVP Winners Quiz Stats

 Plays Quiz Updated Feb 27, 2019

Score 0/18 Timer 05:00
0 Plays Today
# Player % Correct
9Wayne Gretzky
98.1%
2Sidney Crosby
86.5%
3Mario Lemieux
83.6%
3Bobby Orr
79%
6Gordie Howe
78.9%
2Mark Messier
70.7%
2Bobby Hull
67%
3Alex Ovechkin
59.5%
2Phil Esposito
46.6%
# Player % Correct
2Dominik Hasek
46.3%
2Guy Lafleur
43.4%
2Stan Mikita
31.9%
3Bobby Clarke
30.6%
2Jean Beliveau
26.9%
4Eddie Shore
15%
3Howie Morenz
12.2%
2Nels Stewart
4.8%
2Bill Cowley
4.3%

You're not logged in!

Compare scores with friends on all Sporcle quizzes.
OR
Log In

Sporcle TV

Today on Sporcle TV


Watch our educational content, quiz creation guides, and fun videos on Sporcle TV.

Show Comments

Extras

Top Quizzes Today


Score Distribution

Your Account Isn't Verified!

In order to create a playlist on Sporcle, you need to verify the email address you used during registration. Go to your Sporcle Settings to finish the process.

Report this User

Report this user for behavior that violates our Community Guidelines.

Details: